| 000 | 01044cam a22002651i 4500 | ||
|---|---|---|---|
| 003 | SA-RiAUC | ||
| 005 | 20250123150811.0 | ||
| 008 | 250123s1974 ||| g 000 c ara c | ||
| 040 |
_aSA-JeALM _bara _cSA-RiAUC _erda |
||
| 043 | _af-mr--- | ||
| 082 | 0 | 4 | _a922.1 |
| 090 |
_a922.1 _bد ر ج |
||
| 100 | 1 |
_aالدرجيني، أحمد بن سعيد بن سليمان، _d600-670 هجري _eمؤلف. |
|
| 245 | 1 | 0 |
_aكتاب طبقات المشائخ بالمغرب / _cتأليف أحمد بن سعيد بن سليمان الدرجيني.حققه ابراهيم طلاي |
| 246 | _aطبقات المشائخ بالمغرب | ||
| 264 | 1 |
_aبيروت : _bدار الفكر العربي، _c1974 |
|
| 300 | _a2 مجلد | ||
| 336 |
_aنص _btxt _2rdacontent _3كتاب |
||
| 337 |
_aبدون وسيط _bn _2rdamedia |
||
| 338 |
_aمجلد _bnc _2rdacarrier |
||
| 650 | 7 |
_aالمسلمون _zالمغرب _vتراجم _2aucsh |
|
| 700 |
_aطلاي، ابراهيم _eمحقق. |
||
| 942 |
_2ddc _cBOOK _n0 |
||
| 949 |
_aSA-JeALM _d250123 _uosman123 _n1 |
||
| 999 |
_c5144 _d5144 |
||